000 00431pab a2200169 454500
008 180718b2006 xxu||||| |||| 00| 0 eng d
100 _aAppel, Hilary
245 _aInternational imperatives and tax reform: lessons from postcommunist Europe
260 _c2006
300 _ap.43-62.
362 _aOct
650 _aTaxation - Europe
650 _aTaxation
773 _aComparative Politics
908 _aN
909 _a72353
999 _c72353
_d72353